000 00503nam a2200181Ia 4500
005 20250508150806.0
008 008 250505s9999 xx 000 0 hin d
037 _aTextual
040 _aFEDL
_beng
_cFEDL
041 _ahin
_2eng
084 _a891.432, SAS
_qFEDL
100 _aSastri Raja Ram
_9757659
245 0 _aSikar: Ekanki sungrah
260 _aDelhi, India
_bNew Hindustan Publication
_c1950
300 _a102p.
942 _cTEXL
_h891.432, SAS
999 _c1325694
_d1325694